Le mouvement littéraire socialiste depuis 1830 / (Record no. 106060)

MARC details
000 -LEADER
campo de control de longitud fija 00994nam a2200277 i 4500
001 - NÚMERO DE CONTROL
campo de control 106060
003 - IDENTIFICADOR DE NÚMERO DE CONTROL
campo de control ES-MaACL
005 - FECHA Y HORA DE LA ÚLTIMA TRANSACCIÓN
campo de control 20250801164031.0
007 - CAMPO FIJO DE DESCRIPCIÓN FÍSICA--INFORMACIÓN GENERAL
campo de control de longitud fija t|
008 - DATOS DE LONGITUD FIJA--INFORMACIÓN GENERAL
campo de control de longitud fija 060925q1904 fr ||||1| fre d
080 ## - NÚMERO DE LA CLASIFICACIÓN DECIMAL UNIVERSAL
Número de la Clasificación Decimal Universal 82
080 ## - NÚMERO DE LA CLASIFICACIÓN DECIMAL UNIVERSAL
Número de la Clasificación Decimal Universal 330.84:82
100 1# - ENTRADA PRINCIPAL--NOMBRE DE PERSONA
Nombre de persona Gros, J.-M.
Término indicativo de función/relación Autor
9 (RLIN) 60154
245 13 - MENCIÓN DEL TÍTULO
Título Le mouvement littéraire socialiste depuis 1830 /
Mención de responsabilidad, etc. J.-M. Gros
260 ## - PUBLICACIÓN, DISTRIBUCIÓN, ETC.
Lugar de publicación, distribución, etc. Paris :
Nombre del editor, distribuidor, etc. Albin Michel,
Fecha de publicación, distribución, etc. [ca. 1904]
300 ## - DESCRIPCIÓN FÍSICA
Extensión 322 páginas ;
Dimensiones 19 cm
530 ## - NOTA DISPONIBLE DE FORMULARIO FÍSICO ADICIONAL
Nota de formato físico adicional disponible Disponible en formato digital
650 #7 - PUNTO DE ACCESO ADICIONAL DE MATERIA--TÉRMINO DE MATERIA
Término de materia o nombre geográfico como elemento de entrada Literatura y política
Fuente del encabezamiento o término embne
9 (RLIN) 14675
650 #4 - PUNTO DE ACCESO ADICIONAL DE MATERIA--TÉRMINO DE MATERIA
Término de materia o nombre geográfico como elemento de entrada Socialismo-
Subdivisión geográfica Francia-
Subdivisión cronológica S.XIX
9 (RLIN) 17162
852 ## - LOCALIZACIÓN
Ubicación ES-MaACL
Sublocalización o colección R.110015
Ubicación en estantería Depósito 2
Marcas de propiedad Biblioteca Juan Andrade
Donativo/Legado Legado Juan Andrade
Número de control de estantería AND-719
856 ## - LOCALIZACIÓN Y ACCESO ELECTRÓNICOS
Identificador Uniforme de Recursos <a href="https://gallica.bnf.fr/ark:/12148/bpt6k2984382">https://gallica.bnf.fr/ark:/12148/bpt6k2984382</a>
Texto de enlace Versión en línea
Nota pública (Gallica. Bibliothèque nationale de France)
942 ## - ELEMENTOS DE ENTRADA SECUNDARIOS (KOHA)
Fuente del sistema de clasificación o colocación Clasificación decimal universal
Tipo de ítem Koha Libro impreso
Suprimir en OPAC No
Holdings
Estatus retirado Estado de pérdida Fuente del sistema de clasificación o colocación Estado de daño No para préstamo Biblioteca de origen Biblioteca actual Ubicación en estantería Fecha de adquisición Fuente de adquisición Total de préstamos Signatura topográfica completa Código de barras Visto por última vez Tipo de ítem Koha
    Clasificación decimal universal     Biblioteca del Ateneo de Madrid Biblioteca del Ateneo de Madrid Depósito 2 17/01/2008 Legado   AND-719 1110722 23/02/2023 Libro impreso